Statistics for Geography Answer Chain Quiz #3

Click here to take the quiz!

General Stats

  • This quiz has been taken 100 times
  • The average score is 13 of 20

Answer Stats

HintAnswer% Correct
Capital of the above.Berlin
100%
Country where Oktoberfest originated (borders the final clue)Germany
100%
Structure that used to split the above.Wall
97%
Country with the longest of the above.China
95%
Most populous city proper of the above.Shanghai
89%
Island 'country' that the above is found in.Taiwan
80%
Valuable mineral sought after in the above.Gold
68%
Nation that had a major influence over the above.France
65%
Largest country that the above runs through.Brazil
58%
Directional sea that the above borders.East China
58%
Canadian territory that almost rhymes with the above.Yukon
57%
City where the above is found.Rio de Janeiro
56%
Largest of the above.Amazon
53%
Thing far from the above that most large inland cities are near.River
51%
Major festival in the above.Carnaval
50%
Most populous city in the above.Johannesburg
50%
U.S. holiday similar to the above.Mardi Gras
50%
City that is known for celebrating the above.New Orleans
50%
Country with largest deposit of the above.South Africa
50%
Famous statue found in the above.Christ the Redeemer
48%

Score Distribution

Percentile by Number Answered

Percent of People with Each Score

Your Score History

You have not taken this quiz